Marína (Record no. 20664)
[ view plain ]
| 000 -LEADER | |
|---|---|
| fixed length control field | 01615nam a22004813a 4500 |
| 001 - CONTROL NUMBER | |
| control field | 20664 |
| 003 - CONTROL NUMBER IDENTIFIER | |
| control field | VRT |
| 005 - DATE AND TIME OF LATEST TRANSACTION | |
| control field | 20260128150233.0 |
| 008 - FIXED-LENGTH DATA ELEMENTS--GENERAL INFORMATION | |
| fixed length control field | 160601s2016 yu g 000 p slo d |
| 020 ## - INTERNATIONAL STANDARD BOOK NUMBER | |
| International Standard Book Number | 9788651703136 (brož.) |
| 035 ## - SYSTEM CONTROL NUMBER | |
| System control number | a000561638 |
| 039 #9 - LEVEL OF BIBLIOGRAPHIC CONTROL AND CODING DETAIL [OBSOLETE] | |
| Level of rules in bibliographic description | 201610050920 |
| Level of effort used to assign nonsubject heading access points | drlickoj |
| Level of effort used to assign subject headings | 201609271303 |
| Level of effort used to assign classification | pechova |
| Level of effort used to assign subject headings | 201606011116 |
| Level of effort used to assign classification | vlckova |
| 040 ## - CATALOGING SOURCE | |
| Original cataloging agency | UKB |
| Language of cataloging | slo |
| Transcribing agency | UKB |
| Description conventions | AACR2 |
| 041 0# - LANGUAGE CODE | |
| Language code of text/sound track or separate title | slo |
| 044 ## - COUNTRY OF PUBLISHING/PRODUCING ENTITY CODE | |
| MARC country code | yu |
| ISO country code | RS |
| MARC country code | xo |
| ISO country code | SK |
| 072 #7 - SUBJECT CATEGORY CODE | |
| Subject category code | 821.162.4-1 |
| Subject category code subdivision | Slovenská poézia |
| Source | konspekt |
| 080 ## - UNIVERSAL DECIMAL CLASSIFICATION NUMBER | |
| Universal Decimal Classification number | 821.162.4-1 |
| Edition identifier | 2004 |
| 080 ## - UNIVERSAL DECIMAL CLASSIFICATION NUMBER | |
| Universal Decimal Classification number | (0:82-1) |
| Edition identifier | 2004 |
| 100 1# - MAIN ENTRY--PERSONAL NAME | |
| Personal name | Sládkovič, Andrej, |
| Dates associated with a name | 1820-1872 |
| 245 10 - TITLE STATEMENT | |
| Title | Marína |
| Statement of responsibility, etc. | Andrej Sládkovič |
| 250 ## - EDITION STATEMENT | |
| Edition statement | 1. vyd. |
| 260 ## - PUBLICATION, DISTRIBUTION, ETC. | |
| Place of publication, distribution, etc. | [Beograd] |
| Name of publisher, distributor, etc. | Liber Novus |
| Date of publication, distribution, etc. | 2016 |
| 300 ## - PHYSICAL DESCRIPTION | |
| Extent | 63 s. |
| 490 1# - SERIES STATEMENT | |
| Series statement | Slovenská klasika |
| Volume/sequential designation | 9 |
| 500 ## - GENERAL NOTE | |
| General note | Vyd. v spolupr. s Ringier Axel Springer Slovakia |
| 500 ## - GENERAL NOTE | |
| General note | Vyd. pre denník Nový Čas v rámci proj. Nový Čas Knižnica |
| 653 ## - INDEX TERM--UNCONTROLLED | |
| Uncontrolled term | 821.162.4-1 |
| 653 ## - INDEX TERM--UNCONTROLLED | |
| Uncontrolled term | (0:82-1) |
| 655 #7 - INDEX TERM--GENRE/FORM | |
| Genre/form data or focus term | slovenská poézia |
| Source of term | UKBPH |
| 830 #0 - SERIES ADDED ENTRY--UNIFORM TITLE | |
| Uniform title | Slovenská klasika |
| 910 ## - USER-OPTION DATA (OCLC) | |
| User-option data | ukb |
| 942 ## - ADDED ENTRY ELEMENTS (KOHA) | |
| Source of classification or shelving scheme | Dewey Decimal Classification |
| Koha item type | Krásna literatúra pre dospelých |
| Suppress in OPAC | No |
| 949 ## - LOCAL PROCESSING INFORMATION (OCLC) | |
| 6 | 1800688534 |
| a | SJ.D.07263 |
| b | PV.2016-7838 |
| 949 ## - LOCAL PROCESSING INFORMATION (OCLC) | |
| 6 | 1800688538 |
| a | SK.D.74375 |
| b | PV.2016-7839 |
| s | 6707:20161007 |
| 949 ## - LOCAL PROCESSING INFORMATION (OCLC) | |
| 6 | 1800688536 |
| a | 33.D.33058 |
| b | DD.2016-363 |
| 949 ## - LOCAL PROCESSING INFORMATION (OCLC) | |
| 6 | 1800688537 |
| a | 33.D.33058 |
| b | DD.2016-364 |
| 949 ## - LOCAL PROCESSING INFORMATION (OCLC) | |
| 6 | 1800688535 |
| a | 33.D.33058 |
| b | DD.2016-365 |
| 949 ## - LOCAL PROCESSING INFORMATION (OCLC) | |
| 6 | 1800688539 |
| a | 33.D.33058 |
| b | DD.2016-366 |
| 949 ## - LOCAL PROCESSING INFORMATION (OCLC) | |
| 6 | 1800688540 |
| a | 33.D.33058 |
| b | DD.2016-367 |
| 949 ## - LOCAL PROCESSING INFORMATION (OCLC) | |
| 6 | 1800688541 |
| a | 33.D.33058 |
| b | DD.2016-368 |
| 949 ## - LOCAL PROCESSING INFORMATION (OCLC) | |
| 6 | 1800688542 |
| a | 33.D.33058 |
| b | DD.2016-369 |
| 949 ## - LOCAL PROCESSING INFORMATION (OCLC) | |
| 6 | 1800688543 |
| a | 33.D.33058 |
| b | DD.2016-370 |
| Stav vyradenia | Strata | Poškodenie | Spôsob nadobudnutia | Domovská knižnica | Aktuálna knižnica | Dátum nadobudnutia | Total checkouts | Čiarový kód exemplára | Date last seen | Typ exemplára |
|---|---|---|---|---|---|---|---|---|---|---|
| Dar | Obecná knižnica Horná Štubňa | Obecná knižnica Horná Štubňa | 28.01.2026 | 9788651703136 | 28.01.2026 | Krásna literatúra pre dospelých |
